01664nam a22002537a 4500003001000000005001700010008004100027015001200068020002200080040003400102044001300136080002100149100005600170245005800226246002600284260004100310300002100351490004300372490004200415520085900457650003301316650004201349655001901391AR-RoUNCS20260209143338.0160722s2015 ag gr 001 f spa  aAR-2015 a978-950-07-5166-7 aAR-BaBNbspacAR-RoUNCSeaacr aagcar-c1 a82-31(862)220161 aGarcía Márquez, Gabriel,d1927-2014eautor4aut10aCien años de soledad /cGabriel García Márquez.13a100 años de soledad aBuenos Aires :bSudamericana,c2015. a495 p. ;c22 cm.0 aColección Premio Nobel de Literatura0 aBiblioteca Gabriel García Márquez3 a«Muchos años después, frente al pelotón de fusilamiento, el coronel Aureliano Buendía había de recordar aquella tarde remota en que su padre lo llevó a conocer el hielo.» Con esta cita comienza una de las novelas más importantes del siglo XX y una de las aventuras literarias más fascinantes de todos los tiempos. Millones de ejemplares de Cien años de soledad leídos en todas las lenguas y el premio Nobel de Literatura coronando una obra que se había abierto paso «boca a boca» -como gustaba decir el escritor- son la más palpable demostración de que la aventura fabulosa de la familia Buendía-Iguarán, con sus milagros, fantasías, obsesiones, tragedias, incestos, adulterios, rebeldías, descubrimientos y condenas, representaba al mismo tiempo el mito y la historia, la tragedia y el amor del mundo entero.  72embneaLiteratura colombiana 72embneaRealismo mágico (Literatura) 7aNovelas2embne